| 000 | 00916nam a22002657a 4500 | ||
|---|---|---|---|
| 001 | 8736 | ||
| 003 | FISKH | ||
| 005 | 20251017101934.0 | ||
| 008 | 251016b cb ||||| |||| 00| 0 eng d | ||
| 040 |
_aFISKH _beng _cFISKH _dFISKH |
||
| 050 | _aPZ8.L57 D38 | ||
| 082 | _a398.245 | ||
| 100 |
_aDavidson, Susanna _eAuthor |
||
| 245 |
_aThe little red hen / _cRetold by Susanna Davidson ; Illustrated by Daniel Postgate |
||
| 260 |
_aLondon : _bUsborne Publishing , _c2006 |
||
| 300 |
_a48 pages : _bcolor illustrations ; _c20 cm |
||
| 505 | _aG | ||
| 520 | _aEach title in this series is a classic story or fable, retold with simple text to delight and inspire any child who is just beginning to read. | ||
| 521 | 8 |
_a350
_bLexile estimate |
|
| 521 | 8 |
_aG
_bRaz-Plus |
|
| 650 |
_aChildren classics _vMoral stories |
||
| 700 |
_aPostgate, Daniel _eIllustrator |
||
| 942 |
_2ddc _cBK _n0 |
||
| 999 |
_c8736 _d8736 |
||